| 000 | 00591nam a2200193Ia 4500 | ||
|---|---|---|---|
| 003 | GCL | ||
| 008 | 140319s9999 xx 000 0 ara d | ||
| 040 |
_aGCL / _cGCL |
||
| 082 | 0 | 4 |
_a842 _bس ج |
| 100 | 1 | _aسارتر ، جان بول | |
| 245 | 1 | 0 |
_aالجحيم / _cسارتر ، جان بول |
| 700 | 1 | _aطارق فوده (مترجم) | |
| 260 |
_a[S.N] : _bدار الثقافة |
||
| 300 | _a139 ص | ||
| 490 |
_aكتب وجودية _v0 |
||
| 650 | 0 | 4 | _aالادب الفرنسى المترجم |
| 650 | 0 | 4 | _aالمسرحيات الفرنسية المترجمة |
| 942 |
_2ddc _cBK |
||
| 999 |
_c56171 _d56171 |
||